Farò di te un uomo (Mulan) - Testo completo (con dialoghi) - Statistics

Statistiche generali
  • Questo quiz è stato fatto 84 volte
  • Il punteggio medio è 182 su 211
Statistiche sulle risposte
Risposta % Corretto
a
100%
che
100%
non
100%
Se
100%
se
100%
sé,
100%
un
100%
Un
100%
di
98%
(Di
98%
E
98%
è
98%
e
98%
(E
98%
lo
98%
sei
98%
tu!
98%
uomo
98%
come
96%
com'è
96%
ma
96%
ve
96%
io
93%
Io
93%
io,
93%
Potente
93%
sarai)
93%
sarai
93%
Veloce
93%
veloce
93%
vento.
93%
attivo...
91%
attivo.
91%
Gli
91%
gli
91%
il
91%
La
91%
la
91%
vulcano
91%
adesso
89%
mai!)
89%
ne
89%
vi
89%
sarò
87%
senza
87%
vero
87%
darò.
85%
Quell'uomo
85%
Unni
85%
capace
83%
ci
83%
corta,
83%
cercate
83%
han
83%
le
83%
più.
83%
più
83%
più!)
83%
più!
83%
vita
83%
accorga...)
80%
fatto,
80%
l'uomo
80%
L'uomo
80%
so...
80%
(Spero
80%
spero
80%
in
78%
(Qui
78%
qui.
78%
Si
78%
son
78%
voi
78%
voi!
78%
chi
76%
nuotare
76%
mille
74%
ormai
74%
posso
74%
vedrà!
74%
vedrà
74%
vivrà,
74%
calma
72%
far
72%
foresta
72%
lascerò
72%
minacce,
72%
penne!)
72%
schifo
72%
anche
70%
cerco
70%
(Davvero
70%
nasconde
70%
ancor
67%
(Così
67%
deboli,
67%
me
67%
(Oh,
67%
siete
67%
lavoreremo
65%
li
65%
servi
65%
timori.
65%
va',
65%
degli
63%
distruggerà!)
63%
sempre
63%
tempo,
63%
uomini,
63%
combatterò,
61%
eroi,
61%
quindi
61%
poi...
59%
pronti
59%
tutto
59%
Fino
57%
Manca
57%
poco
57%
ginnastica!)
54%
Sopravviverete
54%
trasformerò!
54%
Nessun quiz corrispondente trovato
Distribuzione punteggi
Percentuale di utenti per punteggio
Percentile per numero di risposta
I tuoi punteggi nel tempo
Non hai fatto questo quiz